000 00612nam a2200169 u 4500
001 000031446
005 20200930062933.0
008 090706s1974 dr a r 000 0 spa d
040 _aDO-SdBNP
082 _axxxx
_aM294
245 0 0 _aManual del investigador en administración :
_bmetodología para la Preparación de Trabajos y Manuales. /
_cprólogo Luis E. del Villar C.
260 _aSanto Domingo :
_bOficina Nacional de Presupuesto ,
_c1974.
300 _axii, 298 p. :
_bil. ;
_c24 cm.
504 _aIncluye referencias bibliográficas (p. 297)
700 1 _aVillar C., Luis E. del
_957852
049 _aBNPD
999 _c30938
_d30938